Emoji Meanings #1 - Statistics

General Stats
  • This quiz has been taken 29 times
  • The average score is 5 of 14
Answer Stats
Hint Answer % Correct
😊 Happy
91%
🥰 Love
82%
🤣 Laugh
64%
😘 Kiss
59%
😛 Silly
59%
🤑 Rich
45%
🤗 Hug
36%
🤪 Goofy
23%
😅 Relief
18%
😋 Delicious
9%
🤩 Exciting
9%
🤭 Secret
9%
😀 Grin
5%
😇 Kind
5%
No matching quizzes found
Score Distribution
Percent of People with Each Score
Percentile by Number Answered
Your Score History
You have not taken this quiz